International government organizations constitutional documents (Record no. 425500)
[ view plain ]
| 000 -LEADER | |
|---|---|
| fixed length control field | 00501cam a22001337a 4500 |
| 008 - FIXED-LENGTH DATA ELEMENTS--GENERAL INFORMATION | |
| fixed length control field | 180718b1956 xxu||||| |||| 00| 0 eng d |
| 082 ## - DEWEY DECIMAL CLASSIFICATION NUMBER | |
| Classification number | R D6 P328/1 |
| 100 ## - MAIN ENTRY--PERSONAL NAME | |
| Personal name | Peaslee, Amos Jenkins |
| 245 ## - TITLE STATEMENT | |
| Title | International government organizations constitutional documents |
| Statement of responsibility, etc. | by Amos Jenkins Peaslee |
| 260 ## - PUBLICATION, DISTRIBUTION, ETC. | |
| Place of publication, distribution, etc. | The Hague |
| Name of publisher, distributor, etc. | M. Nijhoff |
| Date of publication, distribution, etc. | 1956 |
| 300 ## - PHYSICAL DESCRIPTION | |
| Extent | v |
| 500 ## - GENERAL NOTE | |
| General note | Contents;v.1. African Postal Union to Intergovernmental Maritime Consultative Organization, xxiii, 719p |
| 650 ## - SUBJECT ADDED ENTRY--TOPICAL TERM | |
| Topical term or geographic name entry element | International agencies |
| Withdrawn status | Lost status | Damaged status | Not for loan | Permanent Location | Current Location | Date acquired | Full call number | Barcode | Date last seen | Price effective from | Koha item type |
|---|---|---|---|---|---|---|---|---|---|---|---|
| Indian Institute of Public Administration | Indian Institute of Public Administration | 2009-10-09 | R D6 P328/61/2 | 29886 | 2018-07-21 | 2018-07-21 | Book | ||||
| Indian Institute of Public Administration | Indian Institute of Public Administration | 2009-10-09 | R D6 P328/61/1 | 29885 | 2018-07-21 | 2018-07-21 | Book | ||||
| Indian Institute of Public Administration | Indian Institute of Public Administration | 2009-10-09 | D6 P328/2 | 5819 | 2018-07-21 | 2018-07-21 | Book | ||||
| Indian Institute of Public Administration | Indian Institute of Public Administration | 2009-10-09 | R D6 P328/1 | 5818 | 2018-07-21 | 2018-07-21 | Book | ||||
| Indian Institute of Public Administration | Indian Institute of Public Administration | 2009-10-09 | D6 P328/2 | 5004 | 2018-07-21 | 2018-07-21 | Book |
